[Event "34. Copenhagen Open (Politiken Cup)"]
[Site "Elsinore"]
[Date "2012.08.02"]
[Round "7"]
[White "Barane, Simon"]
[Black "Nielsen, Borge Hjerrild"]
[Result "0-1"]
[WhiteElo "1835"]
[BlackElo "2035"]
[PlyCount "154"]
[EventDate "2012.07.28"]
[EventType "swiss"]
[EventRounds "10"]
[EventCountry "DEN"]
[Source "ChessBase"]
[SourceDate "2012.08.24"]

1. e4 c6 2. d4 d5 3. Nc3 dxe4 4. f3 e3 5. Bxe3 Nf6 6. Qd2 Bf5 7. O-O-O e6 8.
Bd3 Bxd3 9. Qxd3 Be7 10. Nge2 Nd5 11. Nxd5 cxd5 12. Kb1 Nc6 13. g4 Qd7 14. Bd2
O-O-O 15. Bc3 Kb8 16. Nc1 Bd6 17. Nb3 Qe7 18. Na5 Nxa5 19. Bxa5 Rc8 20. Be1 h5
21. gxh5 Rxh5 22. Bg3 Qc7 23. f4 Rch8 24. Rhf1 g6 25. a3 Rf5 26. Qe3 Rc8 27.
Rf2 a6 28. Rd3 Qd8 29. Rb3 Rc4 30. Ka2 Qc7 31. Rc3 Rxc3 32. Qxc3 Qxc3 33. bxc3
Kc7 34. Kb3 b5 35. a4 Kc6 36. axb5+ Kxb5 37. h4 a5 38. Rf3 a4+ 39. Kb2 Kc4 40.
Ka2 Kb5 41. Rf1 Kc6 42. Kb2 Rh5 43. Ra1 Kb5 44. Rf1 Rh8 45. Be1 Kc4 46. Ka2 Rb8
47. Bd2 a3 48. Rb1 Rxb1 49. Kxb1 Bc7 50. Ka2 Ba5 51. Kxa3 Bxc3 52. Bc1 Bxd4 53.
Bd2 Bf2 54. Kb2 Bxh4 55. Kc1 Kd4 56. Kd1 Ke4 57. Ke2 Bg3 58. Bc3 Bxf4 59. Bf6
g5 60. Kf2 g4 61. Ke2 e5 62. c3 Kf5 63. Bh4 Ke6 64. Kd3 f5 65. Be1 Bg5 66. Ke2
f4 67. Kd3 e4+ 68. Ke2 g3 69. Kf1 Kf5 70. Kg2 Kg4 71. Kf1 Kf3 72. c4 dxc4 73.
Kg1 Ke2 74. Bc3 f3 75. Bd4 Be3+ 76. Kh1 g2+ 77. Kh2 g1=Q+ 0-1

[Event "34. Copenhagen Open (Politiken Cup)"]
[Site "Elsinore"]
[Date "2012.08.02"]
[Round "7"]
[White "Becker, Martin"]
[Black "Stolberg Rohr, Thomine"]
[Result "1/2-1/2"]
[WhiteElo "2375"]
[BlackElo "1991"]
[PlyCount "64"]
[EventDate "2012.07.28"]
[EventType "swiss"]
[EventRounds "10"]
[EventCountry "DEN"]
[Source "ChessBase"]
[SourceDate "2012.08.24"]

1. e4 g6 2. d4 Bg7 3. Nc3 d6 4. f4 e6 5. Nf3 Ne7 6. Be3 Nd7 7. Qd2 a6 8. Be2 b5
9. g3 O-O 10. O-O Bb7 11. Rad1 Nf6 12. Bd3 Ng4 13. h3 Nxe3 14. Qxe3 Qd7 15. Qf2
Rad8 16. Kh2 Qc8 17. e5 Nd5 18. Nxd5 Bxd5 19. c3 c5 20. Ng5 cxd4 21. cxd4 Qb7
22. Rfe1 h6 23. Ne4 Bxe4 24. Bxe4 Qb6 25. Qf3 Rc8 26. Qe3 Rfd8 27. Rd3 Rc2+ 28.
Re2 Rdc8 29. Rxc2 Rxc2+ 30. Rd2 Rc4 31. Rd3 dxe5 32. dxe5 Qxe3 1/2-1/2

[Event "34. Copenhagen Open (Politiken Cup)"]
[Site "Elsinore"]
[Date "2012.08.02"]
[Round "7"]
[White "Bejtovic, Jasmin"]
[Black "Haubro, Martin"]
[Result "1/2-1/2"]
[WhiteElo "2393"]
[BlackElo "2148"]
[PlyCount "75"]
[EventDate "2012.07.28"]
[EventType "swiss"]
[EventRounds "10"]
[EventCountry "DEN"]
[Source "ChessBase"]
[SourceDate "2012.08.24"]

1. e4 d5 2. exd5 Qxd5 3. Nc3 Qa5 4. d4 Nf6 5. Nf3 Bf5 6. Bc4 e6 7. Bd2 c6 8.
Nd5 Qd8 9. Nxf6+ gxf6 10. Qe2 Nd7 11. O-O-O Nb6 12. Bb3 Qd7 13. Nh4 Bg6 14.
Nxg6 hxg6 15. h4 O-O-O 16. Kb1 Be7 17. c3 f5 18. g3 Nd5 19. Rhe1 Bf6 20. Qf3
Kb8 21. c4 Nb6 22. Ba5 Rc8 23. Bb4 Rc7 24. a4 Re8 25. a5 Nc8 26. d5 cxd5 27.
cxd5 Qb5 28. d6 Rd7 29. Qf4 Red8 30. Rc1 e5 31. Qc4 Qxc4 32. Bxc4 Nxd6 33.
Bxd6+ Rxd6 34. Bxf7 Bg7 35. Re2 e4 36. Rec2 Bh6 37. Re1 R8d7 38. Be8 1/2-1/2

[Event "34. Copenhagen Open (Politiken Cup)"]
[Site "Elsinore"]
[Date "2012.08.02"]
[Round "7"]
[White "Bekker Jensen, Simon"]
[Black "Hillarp Persson, Tiger"]
[Result "1/2-1/2"]
[WhiteElo "2394"]
[BlackElo "2575"]
[PlyCount "225"]
[EventDate "2012.07.28"]
[EventType "swiss"]
[EventRounds "10"]
[EventCountry "DEN"]
[Source "ChessBase"]
[SourceDate "2012.08.24"]

1. d4 Nf6 2. c4 e6 3. Nc3 Bb4 4. e3 O-O 5. Nge2 c6 6. a3 Ba5 7. b4 Bc7 8. e4 d5
9. e5 Ne8 10. Ng3 f6 11. f4 a5 12. Rb1 axb4 13. axb4 fxe5 14. fxe5 Qh4 15. Be3
Nd7 16. Qh5 Qxh5 17. Nxh5 Ra3 18. Bd2 Nxe5 19. dxe5 Bxe5 20. Rc1 Nd6 21. Ng3
Bd7 22. c5 Bxg3+ 23. hxg3 Nf5 24. Ne2 e5 25. g4 Ne7 26. Rh3 Ra2 27. Rf3 Bxg4
28. Rxf8+ Kxf8 29. Bc3 d4 30. Bd2 Nf5 31. Rc4 Ra3 32. Nc1 e4 33. Be2 h5 34.
Bxg4 hxg4 35. Ne2 e3 36. Bc1 Ra1 37. Nxd4 Nxd4 38. Rxd4 Rxc1+ 39. Ke2 Rc2+ 40.
Kxe3 Rxg2 41. Rd8+ Ke7 42. Rb8 Ke6 43. Rxb7 Rb2 44. Rxg7 Rxb4 45. Rg6+ Kd7 46.
Kf2 Rc4 47. Kg3 Rxc5 48. Kxg4 Re5 49. Kf3 Kc7 50. Rg1 Re6 51. Rc1 Kb6 52. Rb1+
Kc5 53. Kf4 Kd6 54. Rd1+ Kc7 55. Rc1 Re2 56. Kf3 Re5 57. Kf4 Re6 58. Kf5 Re3
59. Kf4 Re2 60. Kf3 Re7 61. Kf4 Re8 62. Kf5 Re2 63. Kf4 Re6 64. Kf5 Kd7 65.
Rd1+ Rd6 66. Rc1 Rd4 67. Ke5 Rb4 68. Rd1+ Kc7 69. Rd4 Rb3 70. Rc4 Rd3 71. Ke4
Rh3 72. Rc1 Kb6 73. Kd4 Rh4+ 74. Kc3 Kb5 75. Rg1 Rh3+ 76. Kc2 c5 77. Rg4 Rh1
78. Kc3 Rc1+ 79. Kb2 Rd1 80. Kc3 Re1 81. Kd2 Ra1 82. Kc3 Ra3+ 83. Kb2 Rh3 84.
Kc2 Re3 85. Kd2 Rf3 86. Kc2 Kc6 87. Rg5 Ra3 88. Rh5 Ra2+ 89. Kc3 Ra1 90. Rh6+
Kb5 91. Rh4 Rg1 92. Rf4 Rg3+ 93. Kc2 Kc6 94. Rf5 Rg4 95. Kc3 Kb5 96. Rf3 Ra4
97. Rf8 Ra3+ 98. Kb2 Rh3 99. Rf4 Kc6 100. Rf5 Rh4 101. Kc3 Kb5 102. Rf3 Rc4+
103. Kb3 Rb4+ 104. Kc3 Rc4+ 105. Kb3 Ra4 106. Rf5 Rb4+ 107. Kc3 Rc4+ 108. Kb3
Re4 109. Rf3 Re1 110. Rf4 c4+ 111. Rxc4 Rb1+ 112. Kc2 Kxc4 113. Kxb1 1/2-1/2

[Event "34. Copenhagen Open (Politiken Cup)"]
[Site "Elsinore"]
[Date "2012.08.02"]
[Round "7"]
[White "Bendixen, Daniel"]
[Black "Bratteteig, Tore Inge"]
[Result "1-0"]
[WhiteElo "1882"]
[BlackElo "1679"]
[PlyCount "95"]
[EventDate "2012.07.28"]
[EventType "swiss"]
[EventRounds "10"]
[EventCountry "DEN"]
[Source "ChessBase"]
[SourceDate "2012.08.24"]

1. e4 e6 2. d4 d5 3. Nc3 dxe4 4. Nxe4 Nd7 5. Be3 Ngf6 6. Bd3 Be7 7. Nf3 O-O 8.
O-O b6 9. c4 Bb7 10. Qc2 Nxe4 11. Bxe4 Bxe4 12. Qxe4 c5 13. dxc5 Bxc5 14. Bg5
Be7 15. Bxe7 Qxe7 16. Rfd1 Nf6 17. Qe2 Rfd8 18. Ne5 Qc5 19. a3 a5 20. Rxd8+
Rxd8 21. Rd1 Qc7 22. Rxd8+ Qxd8 23. Qd3 Qxd3 24. Nxd3 Nd7 25. b4 axb4 26. axb4
Kf8 27. Kf1 Ke7 28. Ke2 f6 29. Ke3 Kd6 30. f4 h5 31. Ke4 g6 32. g3 Kc6 33. h3
Kd6 34. Kd4 Kc6 35. g4 hxg4 36. hxg4 Kd6 37. Ke4 Kc6 38. g5 f5+ 39. Kd4 Kd6 40.
c5+ bxc5+ 41. bxc5+ Ke7 42. Ne5 Nf8 43. Kc4 Kd8 44. c6 Kc8 45. Kb5 Kc7 46. Kc5
Kc8 47. Kd6 Kd8 48. Nc4 1-0

[Event "34. Copenhagen Open (Politiken Cup)"]
[Site "Elsinore"]
[Date "2012.08.02"]
[Round "7"]
[White "Bjorneboe, Kristian"]
[Black "Lofgren, Claes"]
[Result "1/2-1/2"]
[WhiteElo "1959"]
[BlackElo "2111"]
[PlyCount "38"]
[EventDate "2012.07.28"]
[EventType "swiss"]
[EventRounds "10"]
[EventCountry "DEN"]
[Source "ChessBase"]
[SourceDate "2012.08.24"]

1. d4 Nf6 2. Nf3 e6 3. c3 d5 4. e3 Be7 5. Bd3 O-O 6. Nbd2 Nbd7 7. O-O c5 8. e4
dxe4 9. Nxe4 Nxe4 10. Bxe4 Nf6 11. Bc2 b6 12. Bg5 Bb7 13. Re1 cxd4 14. Nxd4 Qd5
15. Nf3 Qxd1 16. Bxd1 h6 17. Bh4 Rfd8 18. Nd4 Bc5 19. Nb3 Be7 1/2-1/2

[Event "34. Copenhagen Open (Politiken Cup)"]
[Site "Elsinore"]
[Date "2012.08.02"]
[Round "7"]
[White "Brondum, Eric"]
[Black "Schlecht, Daniel"]
[Result "0-1"]
[WhiteElo "2141"]
[BlackElo "2379"]
[PlyCount "106"]
[EventDate "2012.07.28"]
[EventType "swiss"]
[EventRounds "10"]
[EventCountry "DEN"]
[Source "ChessBase"]
[SourceDate "2012.08.24"]

1. d4 d5 2. Bf4 Nf6 3. e3 c5 4. Nc3 a6 5. Nf3 e6 6. Be2 Be7 7. O-O O-O 8. h3 b5
9. Ne5 Bb7 10. Bh2 Nc6 11. a3 Rc8 12. Bf3 cxd4 13. Nxc6 Rxc6 14. exd4 Qb6 15.
Ne2 a5 16. Nf4 b4 17. axb4 axb4 18. Re1 Rc4 19. Ne2 Rfc8 20. c3 bxc3 21. bxc3
Ba6 22. Qb1 Qxb1 23. Rexb1 R4c6 24. Bf4 Bf8 25. Rb8 Rxb8 26. Bxb8 Bxe2 27. Bxe2
Rxc3 28. Bf4 Ra3 29. Rc1 Ra8 30. Be5 Ne8 31. Rc6 Rd8 32. Bf4 Be7 33. g4 Bf6 34.
Be3 Nd6 35. Bd3 g6 36. Bf4 Ne8 37. Be3 Kf8 38. Kf1 Rb8 39. Ra6 Kg7 40. g5 Be7
41. Bf4 Rd8 42. Ra7 Kf8 43. h4 Bd6 44. Be3 Ng7 45. Be2 Nf5 46. h5 Nxe3+ 47.
fxe3 Be7 48. hxg6 hxg6 49. Kf2 Bxg5 50. Kf3 Rb8 51. Ra3 Kg7 52. Rc3 Rb4 53. Ra3
f5 0-1

[Event "34. Copenhagen Open (Politiken Cup)"]
[Site "Elsinore"]
[Date "2012.08.02"]
[Round "7"]
[White "Brorsen, Jacob Abildlund"]
[Black "Rasmussen, Morten Fredsgaard"]
[Result "1-0"]
[WhiteElo "2121"]
[BlackElo "1916"]
[PlyCount "47"]
[EventDate "2012.07.28"]
[EventType "swiss"]
[EventRounds "10"]
[EventCountry "DEN"]
[Source "ChessBase"]
[SourceDate "2012.08.24"]

1. d4 d5 2. c4 c6 3. Nf3 Nf6 4. e3 e6 5. b3 Nbd7 6. Bb2 Bd6 7. Bd3 O-O 8. O-O
Re8 9. Ne5 Nf8 10. Nc3 N6d7 11. f4 f6 12. Nf3 dxc4 13. bxc4 e5 14. Ne4 Bb8 15.
fxe5 fxe5 16. Nfg5 h6 17. Nf7 Qe7 18. d5 cxd5 19. cxd5 Nh7 20. d6 Qe6 21. Rc1
Nb6 22. Nc5 Qxa2 23. Qh5 Nf6 24. Nxh6+ 1-0

[Event "34. Copenhagen Open (Politiken Cup)"]
[Site "Elsinore"]
[Date "2012.08.02"]
[Round "7"]
[White "Buchal, Stephan"]
[Black "Rydstrom, Tom"]
[Result "1-0"]
[WhiteElo "2320"]
[BlackElo "2046"]
[PlyCount "143"]
[EventDate "2012.07.28"]
[EventType "swiss"]
[EventRounds "10"]
[EventCountry "DEN"]
[Source "ChessBase"]
[SourceDate "2012.08.24"]

1. g3 d5 2. Bg2 Nf6 3. d3 e6 4. Nf3 Be7 5. O-O b6 6. Nbd2 Bb7 7. e4 c5 8. Re1
Nc6 9. Qe2 Nb4 10. Qd1 dxe4 11. Ng5 exd3 12. Bxb7 Rb8 13. c3 Nc2 14. Bc6+ Kf8
15. Rb1 Nxe1 16. Qxe1 Nd5 17. Ndf3 Bf6 18. Qe4 Ne7 19. Bb5 Qd5 20. Bxd3 Rd8 21.
Bc4 Qxe4 22. Nxe4 Nd5 23. Nxf6 gxf6 24. a4 Ke7 25. Kf1 h5 26. Ke2 Rd6 27. Ra1
a5 28. Bd3 Rhd8 29. Bc2 f5 30. Ne5 f6 31. Nc4 R6d7 32. Bd2 h4 33. gxh4 Rh8 34.
Rg1 Rxh4 35. Rg7+ Kd8 36. Rg8+ Kc7 37. Na3 Kb7 38. Re8 Re7 39. Rf8 Rg7 40. Re8
Rg2 41. Bb3 Rhxh2 42. Bxd5+ exd5 43. Re7+ Kc8 44. Be1 Rg4 45. c4 d4 46. Kd3
Rh3+ 47. Kd2 Re4 48. Rg7 Rh8 49. Nb5 Re6 50. Rg1 Rhe8 51. Kd1 R8e7 52. Bd2 Kd7
53. Rg3 Re5 54. Kc2 Kc6 55. Kd3 Re4 56. Rg6 R4e6 57. Bf4 Rf7 58. Rg8 Kd7 59.
Rb8 Rc6 60. Na7 Re6 61. Nc8 Re1 62. Nxb6+ Kc6 63. Nd5 Rd1+ 64. Ke2 Ra1 65. Rc8+
Kb7 66. Rxc5 Rxa4 67. Kd3 Ra1 68. Rb5+ Kc6 69. Rb6+ Kd7 70. Rb7+ Ke8 71. Rb8+
Kd7 72. Kxd4 1-0

[Event "34. Copenhagen Open (Politiken Cup)"]
[Site "Elsinore"]
[Date "2012.08.02"]
[Round "7"]
[White "Bue, Gunnar"]
[Black "Marthedal, Anton Mehmet Yildiz"]
[Result "1-0"]
[WhiteElo "1677"]
[BlackElo "1334"]
[PlyCount "55"]
[EventDate "2012.07.28"]
[EventType "swiss"]
[EventRounds "10"]
[EventCountry "DEN"]
[Source "ChessBase"]
[SourceDate "2012.08.24"]

1. d4 d5 2. c4 c6 3. Nf3 Nf6 4. e3 Bg4 5. h3 Bh5 6. Bd3 e6 7. O-O Nbd7 8. Nc3
Bd6 9. b3 Rc8 10. Bb2 c5 11. cxd5 exd5 12. Be2 O-O 13. dxc5 Bxf3 14. Bxf3 Be5
15. b4 b6 16. Qb3 Qc7 17. Nb5 Qb8 18. Bxe5 Nxe5 19. Bxd5 bxc5 20. Nc3 cxb4 21.
Ne4 Nxe4 22. Bxe4 Qb5 23. Qb1 a5 24. Bxh7+ Kh8 25. Bf5 Rc7 26. f4 Nd7 27. Qd1
Nc5 28. Qh5+ 1-0

[Event "34. Copenhagen Open (Politiken Cup)"]
[Site "Elsinore"]
[Date "2012.08.02"]
[Round "7"]
[White "Bulski, Krzysztof"]
[Black "Rudolf, Anna"]
[Result "1-0"]
[WhiteElo "2554"]
[BlackElo "2325"]
[PlyCount "141"]
[EventDate "2012.07.28"]
[EventType "swiss"]
[EventRounds "10"]
[EventCountry "DEN"]
[Source "ChessBase"]
[SourceDate "2012.08.24"]

1. Nf3 d5 2. d4 Nf6 3. c4 e6 4. g3 Bb4+ 5. Bd2 Bxd2+ 6. Nbxd2 O-O 7. Bg2 b6 8.
cxd5 exd5 9. Qc2 Bb7 10. Rc1 Nbd7 11. O-O c5 12. dxc5 bxc5 13. Rfd1 Qb6 14. e3
Rfd8 15. Nh4 g6 16. Nhf3 Rab8 17. b3 a5 18. Nb1 Rbc8 19. Nc3 Bc6 20. Nd2 Ne5
21. Ne2 Bd7 22. Qc3 Bg4 23. Qxe5 Bxe2 24. Re1 Bd3 25. Rc3 Bf5 26. Rec1 Nd7 27.
Qf4 Nf8 28. e4 d4 29. R3c2 Be6 30. Qg5 Nd7 31. Bf1 f6 32. Qh4 Kg7 33. Bc4 Re8
34. f4 Bxc4 35. Rxc4 Qd6 36. Qg4 Nb6 37. R4c2 d3 38. Nc4 Qd4+ 39. Rf2 f5 40.
exf5 Re2 41. f6+ Kxf6 42. Rcf1 Rce8 43. Ne5 Kg7 44. Qf3 Nd7 45. Qxd3 Rxf2 46.
Rxf2 Nxe5 47. Qxd4 cxd4 48. fxe5 Rxe5 49. Rd2 Rd5 50. Kf2 Kf6 51. Ke2 Rh5 52.
Kd3 Ke5 53. Kc4 Rh3 54. Re2+ Kf5 55. Kxd4 g5 56. a3 h5 57. b4 h4 58. b5 hxg3
59. hxg3 Rxg3 60. Rb2 Rh3 61. b6 Rh8 62. b7 Rb8 63. Kd5 g4 64. Kc6 g3 65. Kc7
Rg8 66. b8=Q Rxb8 67. Rxb8 Kf4 68. Kb6 g2 69. Rg8 Kf3 70. Kxa5 Kf2 71. Kb6 1-0

[Event "34. Copenhagen Open (Politiken Cup)"]
[Site "Elsinore"]
[Date "2012.08.02"]
[Round "7"]
[White "Carlstedt, Jonathan"]
[Black "Stojanovski, Sandi"]
[Result "1-0"]
[WhiteElo "2352"]
[BlackElo "2191"]
[PlyCount "105"]
[EventDate "2012.07.28"]
[EventType "swiss"]
[EventRounds "10"]
[EventCountry "DEN"]
[Source "ChessBase"]
[SourceDate "2012.08.24"]

1. c4 Nf6 2. g3 e6 3. Bg2 d5 4. Nf3 Bd6 5. Nc3 c6 6. b3 O-O 7. O-O Nbd7 8. Qc2
Re8 9. d4 dxc4 10. bxc4 e5 11. e3 Bc7 12. Rd1 exd4 13. exd4 Nb6 14. d5 cxd5 15.
Bg5 h6 16. Bxf6 Qxf6 17. c5 Bf5 18. Qb3 d4 19. Nxd4 Bg4 20. f3 Be5 21. Nce2 Be6
22. Qc3 Nd5 23. Qc1 Rad8 24. Nxe6 Qxe6 25. Rb1 Bf6 26. Rd2 Qa6 27. Bf1 Ne3 28.
Rxd8 Bxd8 29. Nc3 Nxf1 30. Qxf1 Qc6 31. Ne4 Re7 32. Qb5 Qd5 33. Qb3 Qd4+ 34.
Kg2 Rd7 35. Rb2 Ba5 36. Re2 Qd5 37. Qc2 Rd8 38. Qa4 b6 39. c6 Rc8 40. Rc2 Rc7
41. Rc1 f5 42. Nf2 Kh7 43. h4 Qd2 44. Qc4 b5 45. Qc5 Bb6 46. Qxf5+ g6 47. Qc2
Qxc2 48. Rxc2 Kg7 49. Ne4 b4 50. f4 Kf7 51. h5 gxh5 52. f5 Bd4 53. Nd6+ 1-0

[Event "34. Copenhagen Open (Politiken Cup)"]
[Site "Elsinore"]
[Date "2012.08.02"]
[Round "7"]
[White "Carstensen, Jacob"]
[Black "Nielsen, Lars Aaes"]
[Result "1-0"]
[WhiteElo "2352"]
[BlackElo "2254"]
[PlyCount "69"]
[EventDate "2012.07.28"]
[EventType "swiss"]
[EventRounds "10"]
[EventCountry "DEN"]
[Source "ChessBase"]
[SourceDate "2012.08.24"]

1. d4 e6 2. c4 d5 3. Nf3 Nf6 4. g3 dxc4 5. Bg2 c5 6. O-O Nc6 7. Qa4 cxd4 8.
Nxd4 Qxd4 9. Bxc6+ Bd7 10. Rd1 Bxc6 11. Qxc6+ bxc6 12. Rxd4 c5 13. Rxc4 O-O-O
14. Nd2 Rd4 15. Rc2 Be7 16. Nb3 Rd1+ 17. Kg2 Kb7 18. Bg5 Rxa1 19. Nxa1 Kb6 20.
Nb3 Kb5 21. Bxf6 gxf6 22. Nd2 Rd8 23. Kf1 f5 24. e3 Bf6 25. Ke2 Rd7 26. b3 Bd8
27. a4+ Kb6 28. Nc4+ Kb7 29. Ne5 Rc7 30. Rd2 Bf6 31. Nc4 Be7 32. Ne5 Bf6 33.
Nc4 Be7 34. Rc2 Bf6 35. Nd6+ 1-0

[Event "34. Copenhagen Open (Politiken Cup)"]
[Site "Elsinore"]
[Date "2012.08.02"]
[Round "7"]
[White "Christensen, Esben"]
[Black "Hoel, Jorgen"]
[Result "1/2-1/2"]
[WhiteElo "2023"]
[BlackElo "1848"]
[PlyCount "45"]
[EventDate "2012.07.28"]
[EventType "swiss"]
[EventRounds "10"]
[EventCountry "DEN"]
[Source "ChessBase"]
[SourceDate "2012.08.24"]

1. e4 c5 2. Nf3 g6 3. d4 cxd4 4. Nxd4 Nc6 5. Be3 Nf6 6. Nc3 Bg7 7. Be2 O-O 8.
O-O d5 9. Nxc6 bxc6 10. e5 Nd7 11. f4 e6 12. Na4 Qc7 13. Qd2 a5 14. Qc3 Ba6 15.
Bxa6 Rxa6 16. Nc5 Raa8 17. a3 Rfb8 18. b4 axb4 19. axb4 Nxc5 20. Bxc5 Qb7 21.
Ra5 Bf8 22. Rfa1 Rxa5 23. bxa5 1/2-1/2

[Event "34. Copenhagen Open (Politiken Cup)"]
[Site "Elsinore"]
[Date "2012.08.02"]
[Round "7"]
[White "Colpe, Malte"]
[Black "Schandorff, Lars"]
[Result "0-1"]
[WhiteElo "2284"]
[BlackElo "2516"]
[PlyCount "49"]
[EventDate "2012.07.28"]
[EventType "swiss"]
[EventRounds "10"]
[EventCountry "DEN"]
[Source "ChessBase"]
[SourceDate "2012.08.24"]

1. d4 d5 2. c4 c6 3. Nf3 Nf6 4. Nc3 e6 5. Bg5 h6 6. Bh4 dxc4 7. e4 g5 8. Bg3 b5
9. Be2 Bg7 10. e5 Nh5 11. Ne4 O-O 12. Nfxg5 Nxg3 13. hxg3 hxg5 14. Bxc4 Qe7 15.
Qh5 Rd8 16. Qh7+ Kf8 17. O-O-O bxc4 18. f4 g4 19. Rh6 Nd7 20. Rdh1 Qb4 21. Nf6
c3 22. Qg8+ Ke7 23. Nd5+ cxd5 24. Rxe6+ Kxe6 25. Rh6+ 0-1

[Event "34. Copenhagen Open (Politiken Cup)"]
[Site "Elsinore"]
[Date "2012.08.02"]
[Round "7"]
[White "Degerfeldt, Sven"]
[Black "Hyldkrog, Lars"]
[Result "1-0"]
[WhiteElo "1848"]
[BlackElo "2041"]
[PlyCount "185"]
[EventDate "2012.07.28"]
[EventType "swiss"]
[EventRounds "10"]
[EventCountry "DEN"]
[Source "ChessBase"]
[SourceDate "2012.08.24"]

1. d4 Nf6 2. c4 e6 3. Nc3 Bb4 4. e3 c5 5. Nge2 cxd4 6. exd4 d5 7. a3 Be7 8. c5
a5 9. Bf4 Nc6 10. Nb5 O-O 11. Bc7 Qd7 12. Nec3 Ne8 13. Bg3 e5 14. Na4 exd4 15.
Be2 Bd8 16. O-O f5 17. f3 f4 18. Bf2 Rf6 19. Nxd4 Rh6 20. Re1 Qf7 21. Bf1 Qh5
22. h3 Nf6 23. Qd2 Bc7 24. Nb6 Bxb6 25. cxb6 Qg5 26. Kh1 Nxd4 27. Bxd4 Bd7 28.
Re5 Bf5 29. g4 Nxg4 30. fxg4 Be4+ 31. Kg1 Qh4 32. Bf2 Qf6 33. Rxe4 dxe4 34.
Qd5+ Qe6 35. Qxe6+ Rxe6 36. Bc4 Kf7 37. Rc1 e3 38. Bh4 h6 39. g5 hxg5 40. Bxg5
Kg6 41. Bxe6 Kxg5 42. Bg4 Ra6 43. Rc5+ Kh4 44. Kg2 g6 45. Rb5 Ra8 46. Kf3 Re8
47. Ke2 Rd8 48. Ke1 Rd2 49. b4 axb4 50. Rxb4 Kg3 51. Re4 Rd3 52. Re6 g5 53. Rg6
Rd5 54. Rf6 Rb5 55. a4 Rb1+ 56. Ke2 Rb2+ 57. Kd3 Rd2+ 58. Kc3 Rd5 59. Rf7 Kf2
60. Rxb7 f3 61. Bxf3 Kxf3 62. Rf7+ Kg3 63. b7 Rd8 64. Re7 Kf2 65. a5 e2 66. a6
Rb8 67. a7 Rxb7 68. Rxe2+ Kxe2 69. a8=Q Rc7+ 70. Kd4 Rd7+ 71. Ke5 Rd3 72. Kf5
Kf2 73. Qh1 Rg3 74. Qh2+ Kf3 75. Kg6 Rg4 76. Qd6 Rh4 77. Qd5+ Kf2 78. Qxg5 Rxh3
79. Kf6 Rf3+ 80. Ke5 Re3+ 81. Kd4 Rf3 82. Ke4 Rg3 83. Qh4 Kg2 84. Qf4 Kh3 85.
Qf1+ Kh2 86. Qf2+ Kh3 87. Qf1+ Kh2 88. Qe2+ Rg2 89. Qh5+ Kg3 90. Ke3 Rh2 91.
Qg5+ Kh3 92. Kf3 Rf2+ 93. Kxf2 1-0

[Event "34. Copenhagen Open (Politiken Cup)"]
[Site "Elsinore"]
[Date "2012.08.02"]
[Round "7"]
[White "Dyrhaug, Sverre S"]
[Black "Kopperberg, Steen"]
[Result "1-0"]
[WhiteElo "1551"]
[BlackElo "1795"]
[PlyCount "115"]
[EventDate "2012.07.28"]
[EventType "swiss"]
[EventRounds "10"]
[EventCountry "DEN"]
[Source "ChessBase"]
[SourceDate "2012.08.24"]

1. e4 e6 2. d4 d5 3. Nc3 dxe4 4. Nxe4 Bd7 5. Nf3 Bc6 6. Bd3 Nd7 7. O-O Ngf6 8.
Nxf6+ Nxf6 9. c3 Be7 10. Ne5 Qd5 11. Nxc6 Qxc6 12. a4 O-O-O 13. Bb5 Qd5 14. Bf4
Bd6 15. Bxd6 Rxd6 16. Re1 Qg5 17. Qc2 h5 18. Re5 Qf4 19. h3 Nd7 20. Re4 Qf6 21.
b4 g5 22. c4 g4 23. c5 Rd5 24. c6 Nb8 25. cxb7+ Kxb7 26. Rc1 Qe7 27. Bc6+ Nxc6
28. Qxc6+ Kb8 29. a5 Qd6 30. hxg4 hxg4 31. Qxd6 Rxd6 32. Rxg4 Rhd8 33. Rc4 a6
34. f3 Kb7 35. Kf2 Rc6 36. Rc5 Rxc5 37. dxc5 Kc6 38. Ke3 Kb5 39. Rf4 f5 40. g4
fxg4 41. fxg4 e5 42. Re4 Re8 43. g5 Kc6 44. g6 Rg8 45. Rg4 Kd5 46. g7 c6 47.
Kf3 Ke6 48. Ke4 Kf6 49. Rg3 Ke6 50. Rg6+ Kf7 51. Rxc6 Kxg7 52. Rxa6 Re8 53. c6
Kf7 54. b5 Ke6 55. b6 Rh8 56. b7 Rh4+ 57. Ke3 Rh3+ 58. Kf2 1-0

[Event "34. Copenhagen Open (Politiken Cup)"]
[Site "Elsinore"]
[Date "2012.08.02"]
[Round "7"]
[White "Elenius, Erik"]
[Black "Henrichsen, Jens"]
[Result "1-0"]
[WhiteElo "2069"]
[BlackElo "1887"]
[PlyCount "67"]
[EventDate "2012.07.28"]
[EventType "swiss"]
[EventRounds "10"]
[EventCountry "DEN"]
[Source "ChessBase"]
[SourceDate "2012.08.24"]

1. e4 c5 2. d4 cxd4 3. c3 d5 4. exd5 Qxd5 5. cxd4 Nc6 6. Nf3 e6 7. Nc3 Qd6 8.
Be2 Nf6 9. O-O Be7 10. Bg5 O-O 11. Qd2 Rd8 12. Rfd1 a6 13. a3 b6 14. Bf4 Qd7
15. Ne5 Nxe5 16. dxe5 Qxd2 17. Rxd2 Rxd2 18. exf6 Rd7 19. fxe7 Rxe7 20. Na4 e5
21. Be3 b5 22. Nb6 Rb8 23. Bc5 Re8 24. Kf1 g6 25. Nxc8 Rbxc8 26. b4 Red8 27.
Rd1 Rxd1+ 28. Bxd1 Rd8 29. Ke2 h5 30. h4 Kg7 31. g3 Rd7 32. a4 bxa4 33. Bxa4
Rd8 34. Bc6 1-0

[Event "34. Copenhagen Open (Politiken Cup)"]
[Site "Elsinore"]
[Date "2012.08.02"]
[Round "7"]
[White "Fossan, Petter"]
[Black "Hansen, Mads"]
[Result "1-0"]
[WhiteElo "2255"]
[BlackElo "2341"]
[PlyCount "103"]
[EventDate "2012.07.28"]
[EventType "swiss"]
[EventRounds "10"]
[EventCountry "DEN"]
[Source "ChessBase"]
[SourceDate "2012.08.24"]

1. e4 c5 2. Nf3 e6 3. c3 Nf6 4. e5 Nd5 5. d4 cxd4 6. cxd4 d6 7. a3 Nc6 8. Bd3
Qc7 9. O-O Be7 10. Qe2 Bd7 11. Bd2 Qb6 12. Bc3 Nf4 13. Qd2 Nxd3 14. Qxd3 O-O
15. Nbd2 d5 16. b4 a6 17. Rfb1 f6 18. exf6 gxf6 19. Re1 Rac8 20. Re3 Bd6 21.
Nb3 Ne7 22. Nc5 Bxc5 23. bxc5 Qc7 24. Nh4 Kh8 25. Rae1 Rg8 26. g3 Rg4 27. Ng2
Rcg8 28. h3 R4g7 29. Nh4 Qf4 30. Ng2 Qh6 31. g4 Rg6 32. Rg3 Qf8 33. Bd2 Qc8 34.
Nh4 R6g7 35. Bh6 Rf7 36. Bf4 Ng6 37. Nxg6+ Rxg6 38. Kh2 Qc6 39. Rb1 Be8 40. Rb6
Qc8 41. Rd6 Kg8 42. Re3 Bd7 43. Bg3 Rgg7 44. Qe2 Qf8 45. Qb2 f5 46. gxf5 Rxf5
47. Qe2 Qf6 48. Qd2 h5 49. h4 Rf4 50. Rxd7 Rgg4 51. Kg2 Qxh4 52. Rxe6 1-0

[Event "34. Copenhagen Open (Politiken Cup)"]
[Site "Elsinore"]
[Date "2012.08.02"]
[Round "7"]
[White "Garberg, Tore"]
[Black "Verhasselt, Karsten"]
[Result "0-1"]
[WhiteElo "1956"]
[BlackElo "1814"]
[PlyCount "72"]
[EventDate "2012.07.28"]
[EventType "swiss"]
[EventRounds "10"]
[EventCountry "DEN"]
[Source "ChessBase"]
[SourceDate "2012.08.24"]

1. c4 Nf6 2. g3 c5 3. Bg2 d5 4. cxd5 Nxd5 5. Nc3 Nc7 6. d3 e5 7. Nf3 Nc6 8. O-O
Be7 9. b3 O-O 10. Bb2 f6 11. Rc1 Rb8 12. Nd2 Nb4 13. a3 Nbd5 14. Na4 Ne6 15. e3
Nb6 16. Nxb6 Qxb6 17. f4 exf4 18. gxf4 f5 19. Nc4 Qa6 20. Be5 Ra8 21. Bd5 Bf6
22. e4 Kh8 23. Qh5 g6 24. Qh4 Nd4 25. Qf2 fxe4 26. Bxe4 Bxe5 27. Nxe5 Rxf4 28.
Qb2 Qf6 29. Rxf4 Qxf4 30. Rxc5 Qe3+ 31. Kh1 Bh3 32. Nf3 Rf8 33. Rc1 Rxf3 34.
Bxf3 Qxf3+ 35. Kg1 Qe3+ 36. Kh1 Kg8 0-1